000 00498nam a2200181Ia 4500
005 20250508153727.0
008 008 250505s9999 xx 000 0 hin d
037 _aTextual
040 _aFEDL
_beng
_cFEDL
041 _ahin
_2eng
084 _a370.15, BAD
_qFEDL
100 _aBadyal Naginder Singh
_9764294
245 0 _aPrarumbhik shiksha manovigyan
300 _a136p
650 _aEducation - Psychology
_9755527
942 _cTEXL
_h370.15, BAD
999 _c1345026
_d1345026